Exurbanismo: la arquitectura y la ciudad norteamericana

Saved in:
Bibliografiske detaljer
Hovedforfatter: Gandelsonas, Mario (Author)
Format: Bog
Sprog:spansk
Udgivet: Buenos Aires Infinito 2007
Udgivelse:1a. ed
Fag:
Tags: Tilføj Tag
Ingen Tags, Vær først til at tagge denne postø!

MARC

LEADER 00000nam a2200000 a 4500
001 UCH0391
003 CL-VaPUC
008 090312e20070000AG |||||||||||||||||spa|d
020 |a 9789879393451 
082 0 4 |a 711.4  |b GAN  |2 21 
100 0 |a Gandelsonas, Mario  |e author  |9 534563 
245 1 0 |a Exurbanismo: la arquitectura y la ciudad norteamericana 
250 |a 1a. ed 
300 |a 189 p 
942 |c BK 
945 |d 20090312 00:00:00  |a rbrito 
260 |a Buenos Aires  |b Infinito  |c 2007 
650 0 |a Urbanismo  |9 255208 
650 7 |a DESARROLLO URBANO  |2 CL-VaPUC  |9 534564 
650 0 |a Urbanización   |9 265706 
650 7 |a DIBUJOS ARQUITECTONICOS  |2 CL-VaPUC  |9 534565 
650 0 |a Planos arquitectónicos  |9 268148 
650 0 |a Planificación urbana   |9 258176 
583 |a last modification  |c 20130105 01:16:38  |k Rodrigo Vera 
999 |c 332721  |d 332719 
952 |0 0  |1 0  |4 0  |6 711_400000000000000_GAN_2007  |7 0  |8 A  |9 420617  |a BIBARQ  |b BIBARQ  |d 2019-11-22  |i 4513762  |o 711.4 GAN 2007  |p 4513762  |r 2025-01-20  |w 2019-11-22  |y BK  |k ARQ